Zgadnij postać z league of legends - Statystyki

Ogólne statystyki
  • Ten quiz został rozwiązany 66 razy
  • Średni wynik to 12 z 15
Statystyki odpowiedzi
Hint Odpowiedź % Poprawnych
łuczniczka Ashe
100%
lisica Ahri
97%
piratka Miss Fortune
95%
syrena Nami
95%
niedźwiedź Volibear
91%
wąż Cassiopeia
90%
doktor Dr.Mundo
86%
chomik Teemo
83%
ptak Anivia
81%
kameleon Neeko
79%
kotka Yuumi
74%
smok Smolder
71%
malarz Hwei
69%
zabawka Shaco
53%
seneszal Xin Zhao
29%
Nie znaleziono quizów pasujących do podanych kryteriów
Rozkład punktacji
Procent ludzi z każdym wynikiem
Percentyl według liczby udzielonych odpowiedzi
Twoja historia wyników
Nie rozwiązałeś tego quizu